000 00645nam a2200205Ia 4500
001 740
003 GE_BSU
008 181216s||||||||xx |||||||||||||| ||und||
020 _a9994014390
040 _cGE_BSU
080 _a271.222(479.22)(09)
100 _aჯაფარიძე, ანანია
245 _aსაქართველოს ეკლესიის მოკლე იტორია.
260 _aთბილისი
260 _c2004
300 _a91 გვ.
541 _h3 ლ.
653 _aსაქართველოს ეკლესიის მოკლე ისტორია
942 _cBK
999 _c34913
_d34913